| 000 | 00838pam a2200253 a 4500 | ||
|---|---|---|---|
| 001 | 582266 | ||
| 003 | OSt | ||
| 005 | 20150408113946.0 | ||
| 008 | 900628s1991 nyua b 001 0 eng | ||
| 010 | _a 90042808 | ||
| 020 |
_a0070039097 : _c$45.95 |
||
| 040 |
_aDLC _cDLC _dDLC |
||
| 050 | 0 | 0 |
_aQA76.9.A73 _bB374 1991 |
| 082 | 0 | 0 |
_a004.22 _220 |
| 100 | 1 |
_aBartee, Thomas C. _96102 |
|
| 245 | 1 | 0 |
_aComputer architecture and logic design / _cThomas C. Bartee. |
| 260 |
_aNew York : _bMcGraw-Hill, _cc1991. |
||
| 300 |
_axii, 628 p. : _bill. ; _c25 cm. |
||
| 504 | _aIncludes bibliographical references (p. 615) and index. | ||
| 650 | 0 | _aComputer architecture. | |
| 650 | 0 |
_aLogic design. _96103 |
|
| 942 |
_2ddc _cBOOK |
||
| 999 |
_c18161 _d252661 |
||